000 00854nam a2200277Ia 4500
003 OSt
005 20220918171142.0
006 a|||||r|||| 00| 0
007 ta
008 220917b |||||||| |||| 00| 0 eng d
020 _a9781403996305 (hbk)
024 _a233,422
037 _cTextual
040 _aARTS
_cARTS
_beng
041 _2eng
_aeng
082 _aY15, P6
100 _aRazavi Shahra Ed.
_934532
245 0 _aGender and social policy in a global context
_b uncovering the gendered structure of the social
260 _aNew York
_bPalgrave Macmillan USA
_c2006
300 _a355p.
_ccm.
490 _aSocial policy in a development context
650 _aSOCIOLOGY; FEMINISM
700 _a Hassim Shireen Ed.
_934533
942 _hY15, P6
_cTEXL
_2CC
999 _c138136
_d138136